Представление документа в формате MARC21

Поле Инд. ПП Название Значение
Тип записи a
Библиографический уровень b
001 Контрольный номер 177de008b59748b48beeb72c38b323fd
005 Дата корректировки 20241001095249.9
024 80 a Стандартный номер 10.3103/S0027134924700322
040 a Служба первич. каталог. Scopus
b Код языка каталог. eng
041 0_ a Код языка текста eng
097 a Костяева О.Г.
100 1_ a Автор Arsenyev N. N.
100 1_ a Автор Severyukhin A. P.
c Титул (звания) ; кандидат физико-математических наук; доцент (должность);
i 000091232
g Прочие сведения РИНЦ AuthorID: 34832 (http://elibrary.ru/author_profile.asp?id= 34832); SPIN-код: 7677-8561 (http://elibrary.ru/author_items.asp?authorid=34832); Scopus Author ID: 6603020727 (https://www.scopus.com/authid/detail.uri?origin=resultslist&authorId=6603020727&zone=)
j Принадлежность неизвестного автора к последователям, ученикам, сторонникам, школе и т. д. государственный университет "Дубна"
k Кафедра фундаментальных проблем физики микромира; Инженерно-физический институт
q Полное имя Северюхин Алексей Павлович
u Дополнение Северюхин А. П.; Severyukhin Alexey P.
245 10 a Заглавие Electric Dipole Polarizability of Magic Nuclei
513 a передано и. о. проректора по научной работе и инновациям
b 13.09.2024
773 18 t Название источника Moscow University Physics Bulletin
b Сведения об издании Allerton Press
c Russia
d Место и дата издания 2024
m Специф. данные входит в Белый список; входит в Scopus; входит в ядро РИНЦ; ненулевой импакт-фактор
q У3 Белый список; Q4 Scopus 2023
n Примечание Вестник Московского университета. Серия 3: Физика. Астрономия
x ISSN 0027-1349
w Контрольный № источника 978e978de6d7415482a3ccfa19ef6bdb
g Прочая информация V. 79 - P. 200–207
901 t Тип документа b
952 c Вид литературы статья в журнале